Journal of Computer and System Sciences

Saved in:
Bibliographic Details
Format: Serial
Published: 1978
Tags: Add Tag
No Tags, Be the first to tag this record!

MARC

LEADER 00000nas a22000003a 4500
001 stu61857
005 20141122004734.7
008 011106s1978----------------------------d
040 |a STU  |b slo 
041 0
245 |a Journal of Computer and System Sciences 
260 |c 1978 
500 |a 1-3 
500 |a 6 
500 |a 1978 
773 0 |t Journal of Computer and System Sciences  |w stu_us_cat*stu61847  |x 0022-0000  |7 nnas 
996 |d Vol. 16, 1978  |v Vol. 16  |y 1978  |l II680  |s A  |a 24  |w stu61857_0001